Využití reminiscenčních technik při práci se seniory : absolventská práce / Šárka Kopková ; vedoucí práce Hana Čížková
Absolventská práce na téma „Využití reminiscenčních technik při práci se seniory“ se věnuje využití reminiscence při práci se seniory. Přibližuje metodu reminiscence jako jednu z nefarmakologických metod, která může pomoci zlepšovat psychické zdraví seniorů. V teoretické části se zaměřuje na stáří jako období změn a na význam vzpomínek. Věnuje se vývoji reminiscence, jejímu využití, k čemu slouží a jak může být prospěšná nejen pro seniora, ale i pro jeho okolí. Dále podrobně představuje různé reminiscenční techniky, specifikuje, v čem daná technika spočívá a jaký je její význam pro kvalitu života seniorů. V praktické části jsou aplikovány získané teoretické znalosti při reminiscenční práci se seniorkou a je zde popsáno a vyhodnoceno použití pěti reminiscenčních technik při individuální reminiscenční práci.
Record details
- Physical Description: 59 stran : přílohy ; 31 cm
Content descriptions
| Dissertation Note: | Absolventská práce (Dis.), Jabok - Vyšší odborná škola sociálně pedagogická a teologická, 2024 |
| Bibliography, etc. Note: | Obsahuje bibliografii |
Search for related items by subject
| Genre: | absolventské práce |
Available copies
- 1 of 1 copy available at Common Catalog SPOK.
Holds
- 0 current holds with 1 total copy.
Show All Copies
| Location | Call Number / Copy Notes | Barcode | Shelving Location | Status | Due Date |
|---|---|---|---|---|---|
| Jabok Library | ABP-2578 | 424480046549 | Absolventské práce | Reference | - |
Electronic resources
Version of Resource: Plný text
| LDR | ntm a22 i 4500 | ||
|---|---|---|---|
| 001 | 58107 | ||
| 003 | CZ-PrJAB | ||
| 005 | 20241118114044.0 | ||
| 007 | ta | ||
| 008 | 241118s2024 xr e 000 0 cze | ||
| 040 | . | ‡aABG312 ‡bcze ‡erda | |
| 041 | 0 | . | ‡acze ‡beng |
| 072 | 7. | ‡a615.8 ‡44 x Fyzioterapie. Psychoterapie. Alternativní lékařství ‡2Konspekt ‡914 | |
| 100 | 1 | . | ‡aKopková, Šárka ‡4aut |
| 245 | 1 | 0. | ‡aVyužití reminiscenčních technik při práci se seniory : ‡babsolventská práce / ‡cŠárka Kopková ; vedoucí práce Hana Čížková |
| 264 | 0. | ‡c2024 | |
| 300 | . | ‡a59 stran : ‡bpřílohy ; ‡c31 cm | |
| 336 | . | ‡atext ‡btxt ‡2rdacontent | |
| 337 | . | ‡abez média ‡bn ‡2rdamedia | |
| 338 | . | ‡asvazek ‡bnc ‡2rdacarrier | |
| 502 | . | ‡aAbsolventská práce (Dis.), Jabok - Vyšší odborná škola sociálně pedagogická a teologická, 2024 | |
| 504 | . | ‡aObsahuje bibliografii | |
| 520 | 3 | . | ‡aAbsolventská práce na téma „Využití reminiscenčních technik při práci se seniory“ se věnuje využití reminiscence při práci se seniory. Přibližuje metodu reminiscence jako jednu z nefarmakologických metod, která může pomoci zlepšovat psychické zdraví seniorů. V teoretické části se zaměřuje na stáří jako období změn a na význam vzpomínek. Věnuje se vývoji reminiscence, jejímu využití, k čemu slouží a jak může být prospěšná nejen pro seniora, ale i pro jeho okolí. Dále podrobně představuje různé reminiscenční techniky, specifikuje, v čem daná technika spočívá a jaký je její význam pro kvalitu života seniorů. V praktické části jsou aplikovány získané teoretické znalosti při reminiscenční práci se seniorkou a je zde popsáno a vyhodnoceno použití pěti reminiscenčních technik při individuální reminiscenční práci. |
| 653 | 0 | . | ‡areminiscence ‡areminiscenční techniky |
| 653 | 0 | . | ‡asenioři ‡avzpomínky ‡areminiscěnční podněty |
| 653 | 0 | . | ‡anefarmakologické techniky |
| 655 | 7. | ‡aabsolventské práce ‡7ph202176 ‡2czenas | |
| 700 | 1 | . | ‡aČížková, Hana ‡4ths |
| 710 | 2 | . | ‡aJabok - Vyšší odborná škola sociálně pedagogická a teologická |
| 856 | 4 | 1. | ‡uhttps://is.jabok.cz/th/z1h02/Absolventska_prace_FINAL.pdf ‡yPlný text |
| 910 | . | ‡aABG312 | |
| 901 | . | ‡a58107 ‡bAUTOGEN ‡c58107 ‡tbiblio | |